Transport / (Record no. 202739)

MARC details
000 -LEADER
fixed length control field 01356nam a2200277 i 4500
005 - DATE AND TIME OF LATEST TRANSACTION
control field 20260114161813.0
008 - FIXED-LENGTH DATA ELEMENTS--GENERAL INFORMATION
fixed length control field 260114t20242024uk a b 000 0 eng d
020 ## - INTERNATIONAL STANDARD BOOK NUMBER
International Standard Book Number 9781787081611
Terms of availability RM69.53
Qualifying information paperback
040 ## - CATALOGING SOURCE
Original cataloging agency PPAK
Language of cataloging eng
Transcribing agency PPAK
Description conventions rda
082 04 - DEWEY DECIMAL CLASSIFICATION NUMBER
Edition number 23
Classification number 388
090 00 - LOCALLY ASSIGNED LC-TYPE CALL NUMBER (OCLC); LOCAL CALL NUMBER (RLIN)
Classification number (OCLC) (R) ; Classification number, CALL (RLIN) (NR) 388
Feature heading GRE
Feature heading K
100 1# - MAIN ENTRY--PERSONAL NAME
Personal name Gree, Alain,
Relator term author
-- illustrator.
245 10 - TITLE STATEMENT
Title Transport /
Statement of responsibility, etc. ALAIN GREE
264 #1 - PRODUCTION, PUBLICATION, DISTRIBUTION, MANUFACTURE, AND COPYRIGHT NOTICE
Place of production, publication, distribution, manufacture Lewes, East Sussex, United Kingdom :
Name of producer, publisher, distributor, manufacturer Button Books, an imprint of Guild of Master Craftsman Publications Ltd.,
Date of production, publication, distribution, manufacture, or copyright notice 2024
Date of production, publication, distribution, manufacture, or copyright notice ©2024
300 ## - PHYSICAL DESCRIPTION
Extent 47 pages :
Other physical details colour illustrations ;
Dimensions 25 cm
336 ## - CONTENT TYPE
Content type term text
Source rdacontent
337 ## - MEDIA TYPE
Media type term unmediated
Source rdamedia
338 ## - CARRIER TYPE
Carrier type term volume
Source rdacarrier
520 ## - SUMMARY, ETC.
Summary, etc. Transport introduces the topic to young children in a retro, fun and educational style.<br/><br/>From cars and trucks to emergency vehicles, trains, boats, helicopters and planes, children will learn about all the different modes of transport and types of vehicles. Young readers will also find out how they work and all the things they help us to do, such as go to work or on vacation, visit friends and transport food and fuel.
650 10 - SUBJECT ADDED ENTRY--TOPICAL TERM
Topical term or geographic name entry element Transportation
General subdivision History
Topical term or geographic name entry element Transportation
Form subdivision Juvenile literature
Topical term or geographic name entry element Vehicles
General subdivision History
Topical term or geographic name entry element Vehicles
General subdivision Juvenile literature
942 ## - ADDED ENTRY ELEMENTS (KOHA)
Source of classification or shelving scheme Dewey Decimal Classification
Koha item type Book
Holdings
Withdrawn Not for loan Current library Shelving location Date acquired Total Checkouts Full call number Barcode Date last seen Koha item type
    Perpustakaan Alor Setar Pinjaman Kanak-kanak 27/01/2026   K 388 GRE A01889440 27/01/2026 Book
    Perpustakaan Awam Sungai Petani Pinjaman Kanak-kanak 27/01/2026   K 388 GRE A01889441 27/01/2026 Book
    Perpustakaan Baling Pinjaman Kanak-kanak 27/01/2026   K 388 GRE A01889445 27/01/2026 Book
    Perpustakaan Bandar Baharu Pinjaman Kanak-kanak 27/01/2026   K 388 GRE A01889446 27/01/2026 Book
    Perpustakaan Jitra Pinjaman Kanak-kanak 27/01/2026   K 388 GRE A01889442 27/01/2026 Book
    Perpustakaan Kuala Nerang Pinjaman Kanak-kanak 27/01/2026   K 388 GRE A01889450 27/01/2026 Book
    Perpustakaan Kulim Pinjaman Kanak-kanak 27/01/2026   K 388 GRE A01889444 27/01/2026 Book
    Perpustakaan Langkawi Pinjaman Kanak-kanak 27/01/2026   K 388 GRE A01889443 27/01/2026 Book
    Perpustakaan Merbok Pinjaman Kanak-kanak 27/01/2026   K 388 GRE A01889447 27/01/2026 Book
    Perpustakaan Pendang Pinjaman Kanak-kanak 27/01/2026   K 388 GRE A01889451 27/01/2026 Book
    Perpustakaan Sik Pinjaman Kanak-kanak 27/01/2026   K 388 GRE A01889449 27/01/2026 Book
    Perpustakaan Yan Pinjaman Kanak-kanak 27/01/2026   K 388 GRE A01889448 27/01/2026 Book